Parks and Recreation Trivia - Statistics

General Stats
  • This quiz has been taken 1,604 times
  • The average score is 14 of 22
Answer Stats
Hint Answer % Correct
Ron's ex-wives' name Tammy
97%
Andy and April's dog Champion
92%
Jerry's real name Gary
90%
Donna's car Mercedes
88%
Tom's second business Rent-A-Swag
88%
Ben's favorite food Calzone
86%
Ben's board game Cones of Dunshire
77%
Tom's first business Entertainment 720
76%
Leslie's nemesis as a councilwoman Jeremy Jamm
76%
Ron's jazz alter ego Duke Silver
75%
His daughter Mona Lisa
74%
Native American tribe in the area Wamapoke
72%
His son Jean-Ralphio
69%
How old Chris plans to live 150 years
67%
Tom's third business Tom's Bistro
64%
Ann and Leslie's obstetrician Dr. Saperstein
51%
What Leslie calls the bathroom Whiz Palace
50%
Court Stenographer Ethel Beavers
48%
Councilman who is always involved in sex scandals Bill Dexhart
45%
Ben's home town Partridge
32%
April's snobby Eagleton counterpart Tynnyfer
17%
Craig's alma mater Purdue University
6%
No matching quizzes found
Score Distribution
Percent of People with Each Score
Percentile by Number Answered
Your Score History
You have not taken this quiz